معالم الوحدة في طريق الأمة الإسلامية / (Record no. 1160)
[ view plain ]
| 000 -LEADER | |
|---|---|
| fixed length control field | 00601nam a22001817a 4500 |
| 005 - DATE AND TIME OF LATEST TRANSACTION | |
| control field | 20251108164012.0 |
| 008 - FIXED-LENGTH DATA ELEMENTS--GENERAL INFORMATION | |
| fixed length control field | 250721s1993 xx 000 0 ara d |
| 082 14 - DEWEY DECIMAL CLASSIFICATION NUMBER | |
| Classification number | 320.158/حمز |
| 100 1# - MAIN ENTRY--PERSONAL NAME | |
| Personal name | حمزة، عمر يوسف |
| 245 10 - TITLE STATEMENT | |
| Title | معالم الوحدة في طريق الأمة الإسلامية / |
| 264 1# - PRODUCTION, PUBLICATION, DISTRIBUTION, MANUFACTURE, AND COPYRIGHT NOTICE | |
| Place of production, publication, distribution, manufacture | القاهرة : |
| Name of producer, publisher, distributor, manufacturer | الدار المصرية اللبنانية، |
| Date of production, publication, distribution, manufacture, or copyright notice | 1993. |
| 300 ## - PHYSICAL DESCRIPTION | |
| Extent | 144ص |
| 650 17 - SUBJECT ADDED ENTRY--TOPICAL TERM | |
| Topical term or geographic name as entry element | الوحدة العربية |
| 650 17 - SUBJECT ADDED ENTRY--TOPICAL TERM | |
| Topical term or geographic name as entry element | القومية العربية |
| 700 1# - ADDED ENTRY--PERSONAL NAME | |
| Personal name | السايح، أحمد عبد الرحيم |
| 942 ## - ADDED ENTRY ELEMENTS (KOHA) | |
| Source of classification or shelving scheme | Dewey Decimal Classification |
| Koha item type | Books |
| حالة السحب | حالة الفقدان | مصدر التصنيف | حالة التلف | غير قابل للإعارة | المكتبة الرئيسية | المكتبة الحالية | موقع الرف | تاريخ التزويد | الرقم المتسلسل | Total Checkouts | رقم الإستدعاء | الباركود | تاريخ آخر ظهور | تاريخ الفاتورة | نوع المادة (كوها) |
|---|---|---|---|---|---|---|---|---|---|---|---|---|---|---|---|
| Dewey Decimal Classification | مكتبة صويلح العامة | مكتبة صويلح العامة | الإعارة | 15/03/2016 | [9307 | 320.158/حمز | PLD00380038 | 28/07/2025 | 15/03/2016 | Books |